[Event "HUN-chT2 Asztalos 2324"]
[Site "Hungary"]
[Date "2024.02.18"]
[Round "4.7"]
[White "Makaresz, Ferenc"]
[Black "Zsigmond, Karoly"]
[Result "1-0"]
[WhiteElo "1803"]
[BlackElo "1824"]
[PlyCount "107"]
[EventDate "2023.10.08"]
[EventType "team-tourn"]
[EventRounds "9"]
[EventCountry "HUN"]
[SourceTitle "EXT 2025"]
[Source "ChessBase"]
[SourceDate "2024.10.14"]
[SourceVersion "1"]
[SourceVersionDate "2024.10.14"]
[SourceQuality "1"]
[WhiteTeam "Kaposvar Bastya"]
[BlackTeam "Racalmas Kiralysakk"]
[WhiteTeamCountry "HUN"]
[BlackTeamCountry "HUN"]

1. d4 Nf6 2. h3 b6 3. Bf4 c5 4. e3 Ba6 5. Bxa6 Nxa6 6. Qe2 Qc8 7. Nf3 g6 8. 0-0 Bg7 9. c3 0-0 10. Nbd2 d6 11. Rac1 Qb7 12. Bh2 Nc7 13. e4 cxd4 14. cxd4 Rfc8 15. e5 dxe5 16. dxe5 Nd7 17. Rc2 Ne6 18. Rfc1 Rxc2 19. Rxc2 Rc8 20. Rxc8+ Qxc8 21. Qc4 Qxc4 22. Nxc4 Nec5 23. Kf1 b5 24. Na5 Nd3 25. Nc6 a6 26. Nxe7+ Kf8 27. Nd5 Nxb2 28. Nc7 Nc5 29. e6 Nxe6 30. Bd6+ Kg8 31. Nxa6 Na4 32. Bb4 Nc3 33. Bxc3 Bxc3 34. Ne1 Nf4 35. Nc2 Nd5 36. Ke2 Ba5 37. a3 Bb6 38. Nab4 Nxb4 39. axb4 f5 40. Na3 Bd8 41. Kd3 Kf7 42. Nxb5 Ke6 43. Kc4 h5 44. Nd4+ Kd6 45. Ne2 Ke5 46. f3 Kd6 47. Nf4 g5 48. Nxh5 f4 49. g3 fxg3 50. Nxg3 Ke5 51. Ne2 Bb6 52. Kb5 Ba7 53. Kc6 Ke6 54. b5 1-0

[Event "Somogy Cup 2223"]
[Site "Somogy"]
[Date "2023.02.25"]
[Round "2"]
[White "Biro, Tamas"]
[Black "Makaresz, Ferenc"]
[Result "1/2-1/2"]
[WhiteElo "1816"]
[BlackElo "1822"]
[PlyCount "88"]
[EventDate "2023.02.25"]
[EventType "team-swiss"]
[EventRounds "5"]
[EventCountry "HUN"]
[SourceTitle "EXT 2025"]
[Source "ChessBase"]
[SourceDate "2024.10.14"]
[SourceVersion "1"]
[SourceVersionDate "2024.10.14"]
[SourceQuality "1"]
[WhiteTeam "Balatonszemes"]
[BlackTeam "Donner Csaszarret"]
[WhiteTeamCountry "HUN"]
[BlackTeamCountry "HUN"]

1. e4 e5 2. Nc3 Nc6 3. Bc4 d6 4. d3 Na5 5. Bb3 Nxb3 6. axb3 Nf6 7. Nge2 Be7 8. 0-0 0-0 9. f4 exf4 10. Nxf4 Bg4 11. Qe1 c6 12. Bd2 Nh5 13. Qe3 Bg5 14. Rxa7 Nxf4 15. Rxa8 Qxa8 16. Rxf4 Bxf4 17. Qxf4 Qa1+ 18. Kf2 Bd1 19. Qg3 Bh5 20. Qg5 Bg6 21. h4 h6 22. Qg4 Kh8 23. h5 Bh7 24. Nd1 Qb1 25. Ne3 Qxb2 26. Qd7 Qf6+ 27. Ke2 Rd8 28. Qxb7 d5 29. Ba5 dxe4 30. Bxd8 exd3+ 31. cxd3 Qxd8 32. Qxf7 Qxd3+ 33. Kf3 Be4+ 34. Kf4 Bh7 35. Qf8+ Bg8 36. Nf5 Qd2+ 37. Kf3 Qd5+ 38. Kf2 Qf7 39. Qxf7 Bxf7 40. b4 Bxh5 41. Ke3 Bg4 42. Ne7 Be6 43. g3 g5 44. Nxc6 Bc4 1/2-1/2

[Event "Somogy Cup 2223"]
[Site "Somogy"]
[Date "2023.02.25"]
[Round "1"]
[White "Makaresz, Ferenc"]
[Black "Palotas, Karoly"]
[Result "0-1"]
[WhiteElo "1822"]
[BlackElo "1804"]
[PlyCount "103"]
[EventDate "2023.02.25"]
[EventType "team-swiss"]
[EventRounds "5"]
[EventCountry "HUN"]
[SourceTitle "EXT 2025"]
[Source "ChessBase"]
[SourceDate "2024.10.14"]
[SourceVersion "1"]
[SourceVersionDate "2024.10.14"]
[SourceQuality "1"]
[WhiteTeam "Donner Csaszarret"]
[BlackTeam "Marcali VSZSE II."]
[WhiteTeamCountry "HUN"]
[BlackTeamCountry "HUN"]

1. d4 d6 2. Bf4 c6 3. e4 g6 4. Nf3 Bg7 5. c3 b6 6. Nbd2 Ba6 7. Bxa6 Nxa6 8. 0-0 Nc7 9. e5 d5 10. Qa4 Qd7 11. h3 e6 12. c4 Ne7 13. Rac1 0-0 14. c5 b5 15. Qc2 Rfb8 16. Nh2 Nf5 17. Ndf3 Ne8 18. Ng4 h5 19. Nf6+ Nxf6 20. exf6 Bxf6 21. Bxb8 Rxb8 22. Rcd1 Qc7 23. Rd3 Qf4 24. Rfd1 Rb7 25. g3 Qh6 26. Qe2 Re7 27. Ne5 Bxe5 28. Qxe5 Qg7 29. Qxg7+ Nxg7 30. Ra3 f6 31. Ra6 Rc7 32. Rd3 Nf5 33. g4 hxg4 34. hxg4 Ne7 35. b4 Kf7 36. a4 bxa4 37. Rxa4 e5 38. dxe5 fxe5 39. Rb3 Rb7 40. Ra5 Ke6 41. b5 cxb5 42. Rbxb5 Rxb5 43. Rxb5 Nc6 44. Kg2 d4 45. Kf3 Kd5 46. Ke2 a5 47. f3 Kc4 48. Rb7 a4 49. Kd2 a3 50. Rb6 a2 51. Ra6 Nb4 52. c6 0-1